The metal mines of Washington, (Record no. 26152)

MARC details
000 -LEADER
fixed length control field 00815cam a22002291 4500
001 - CONTROL NUMBER
control field gs 22000052
003 - CONTROL NUMBER IDENTIFIER
control field DLC
005 - DATE AND TIME OF LATEST TRANSACTION
control field 20260227111326.0
008 - FIXED-LENGTH DATA ELEMENTS--GENERAL INFORMATION
fixed length control field 790427s1921 wauabf 001 0 eng c
010 ## - LIBRARY OF CONGRESS CONTROL NUMBER
LC control number gs 22000052
035 ## - SYSTEM CONTROL NUMBER
System control number (OCoLC)4902358
040 ## - CATALOGING SOURCE
Original cataloging agency U.S. Geol. Survey. Library
Transcribing agency NcRS
Modifying agency NcRS
-- DLC
043 ## - GEOGRAPHIC AREA CODE
Geographic area code n-us-wa
050 00 - LIBRARY OF CONGRESS CALL NUMBER
Classification number QE175
Item number .A3 no. 23
100 1# - MAIN ENTRY--PERSONAL NAME
Personal name Patty, Ernest N.
Fuller form of name (Ernest Newton),
Dates associated with a name 1894-1976.
245 14 - TITLE STATEMENT
Title The metal mines of Washington,
Statement of responsibility, etc. by Ernest N. Patty.
260 ## - PUBLICATION, DISTRIBUTION, ETC.
Place of publication, distribution, etc. Olympia,
Name of publisher, distributor, etc. F. M. Lamborn, Public Printer,
Date of publication, distribution, etc. 1921.
300 ## - PHYSICAL DESCRIPTION
Extent 366 p.
Other physical details illus, fold. maps, 36 plates.
Dimensions 23 cm.
490 0# - SERIES STATEMENT
Series statement Washington (State) Geological Survey. Bulletin
Volume/sequential designation no. 23
500 ## - GENERAL NOTE
General note At head of title: Washington Geological Survey ...
650 #0 - SUBJECT ADDED ENTRY--TOPICAL TERM
Topical term or geographic name entry element Mines and mineral resources
Geographic subdivision Washington (State)

No items available.

Powered by Koha